00675nam a2200217 4500003000700000005001700007008004100024040003300065041000800098050001900106245008000125260004500205300002900250336002800279337003000307338002700337650003400364700003000398942001200428999001700440CBULib20250822093405.0250822b |||||||| |||| 00| 0 eng d aCBULibbEnglishcCBULiberda aeng aCBU-SB/STU/LIK aDemand analysis c/ by The Copperbelt University-School of Business(CBU-SB) aKitwe : bCopperbelt University, c1992. a28 pages : illustrations 2rdacontentaText |btxt 2rdamediaaUnmediated |bn 2rdacarrieraVolumebnc 094782aDEMAND(ECONOMIC THEORY) 94783aLikuji, Songe Enock 2mcc030 c86421d86421